| 000 | 00909nam a2200265Ia 4500 | ||
|---|---|---|---|
| 003 | OSt | ||
| 005 | 20221005052242.0 | ||
| 006 | a|||||r|||| 00| 0 | ||
| 007 | ta | ||
| 008 | 221004b |||||||| |||| 00| 0 eng d | ||
| 020 |
_a0826467741 _c2078.5 |
||
| 024 | _a82537 | ||
| 037 |
_b3963, 30/03/2005, Tausco Book Distributors _cTextual |
||
| 040 |
_aCRL _cCRL _beng |
||
| 041 |
_2eng _aeng |
||
| 082 | _aP:(Y), P4 | ||
| 100 |
_aYoung Lynne Ed. _9147356 |
||
| 245 | 0 |
_aSystemic functional linguistics and critical discourse analysis _b Studies in social change edited by Lynne Young and Claire Harrison |
|
| 260 |
_aLondon _bContinuum U. K. _c2004 |
||
| 300 |
_a306p. _ccm. |
||
| 650 | _aLINGUISTICS | ||
| 700 |
_a Harrison Claire Ed. _9147357 |
||
| 942 |
_hP:(Y), P4 _cTEXL _2cc |
||
| 999 |
_c960038 _d960038 |
||